| 000 | 01029cam a22002775a 4500 | ||
|---|---|---|---|
| 001 | 15173334 | ||
| 005 | 20160315105637.0 | ||
| 008 | 080204t2009 nyua frb 001 0 eng d | ||
| 020 | _a9780071494366 (pbk. : alk. paper) | ||
| 020 | _a0071494367 (pbk. : alk. paper) | ||
| 040 |
_aDNLM/DLC _cDLC _dNLM _dBAKER _dBTCTA _dYDXCP _dC#P _dDLC _dEG-ScBUE _beng |
||
| 082 | 0 | 4 |
_a615.1068 _222 _bPHA |
| 245 | 0 | 0 |
_aPharmacy management : _bessentials for all practice settings / _c[edited by] Shane P. Desselle, David P. Zgarrick. |
| 250 | _a2nd ed. | ||
| 260 |
_aNew York : _bMcGraw-Hill Medical, _cc.2009. |
||
| 300 |
_axvii, 632 p. : _bill. ; _c24 cm. |
||
| 500 | _aRev. ed. of: Pharmacy management / Shane P. Desselle, David P. Zgarrick. c2005. | ||
| 500 | _aIndex : p. 611-632. | ||
| 504 | _aIncludes bibliographical references. | ||
| 650 | 7 |
_aPharmacy management. _2BUEsh _935142 |
|
| 651 | _2BUEsh | ||
| 653 |
_bPPhrm _cMarch2016 |
||
| 700 | 1 |
_aDesselle, Shane P., _eeditor. |
|
| 700 | 1 |
_aZgarrick, David P., _eeditor. |
|
| 942 | _2ddc | ||
| 999 |
_c21414 _d21386 |
||